007 Actors - Statistics

General Stats
  • This quiz has been taken 99 times
  • The average score is 5 of 8
Answer Stats
Actor's Name % Correct
Sean Connery
94%
Daniel Craig
91%
Roger Moore
87%
Pierce Brosnan
86%
Timothy Dalton
79%
George Lazenby
68%
David Niven
31%
Barry Nelson
3%
No matching quizzes found
Score Distribution
Percent of People with Each Score
Percentile by Number Answered
Your Score History
You have not taken this quiz